000 00307nam a22001217a 4500
082 _a510
_bDEP/M
100 _aDEPT OF EDUCATION, GOVT OF KERALA
245 _aENGINEERING ENTRANCE TOP WINNER MATHEMATICS
260 _aTRIVANDRUM
_bSIET KERALA
300 _bENGLISH VCD
650 _aMATHS
_zKERALA
942 _cVM
999 _c8014
_d8014